000 00645nam a2200181 4500
001 122216
003 ES-MaACL
005 20230906191931.0
007 t|
008 070214s1975 sp r ||||1| spa d
100 1 _aPrieto Escudero, Germán.
_993926
245 1 3 _aEl ámbito personal en la futura Seguridad Social Integral /
_cGermán Prieto Escudero.
260 _aMadrid :
_bInstituto de Estudios Políticos,
_c1975.
300 _a9 h. ;
_c24 cm.
500 _aEs tirada aparte de: Revista de Política Social, nº 107, pp. 123-140.
710 2 _aInstituto de Estudios Políticos (Madrid)
_94924
852 _aES-MaACL
_j2103-F-3
_bR.94342
999 _c122216
_d122216